Представление документа в формате RUSMARC

ПолеНазваниеЗначение
  Тип записи a
  Библиографический уровень m
001 Контрольный номер RU/IS/BASE/387907808
005 Дата корректировки 20201206204601.0
010 Индекс ISBN __
a ISBN 5-222-10079-0
d Цена 144-44
101 Язык документа 0_
a Язык текста rus
200 Заглавие и сведения об ответственности 1_
a Заглавие Физическая реабилитация
e Сведения, относящиеся к заглавию учеб. для студентов высш. учеб. заведений
f Первые сведения об ответственности под общ. ред. С. Н. Попова
b Общее обозначение материала Текст
210 Выходные данные __
a Место издания Ростов н/Д
c Издательство Феникс
d Дата издания 2006
215 Физическое описание __
a Объем 604, [1] с., [2] л. цв. ил.
c Иллюстрации/тип воспроизводства ил., табл.
225 Серия __
a Серия Высшее образование
320 Библиография __
a Библиография Библиогр. : с. 582-584. - Прил. : с. 585-594
330 Аннотация __
a Аннотация Представлены основные принципы и методы физической реабилитации при всех основных формах патологии: в травматологии, ортопедии, заболеваниях внутренних органов и др. Для студентов вузов.
606 Тематические рубрики __
a Основная рубрика Здравоохранение. Медицинские науки
606 Тематические рубрики __
a Основная рубрика Общая терапия
606 Тематические рубрики __
a Основная рубрика Физиотерапия и курортология в целом
610 Ключевые слова __
a Ключевые слова физиотерапия; курортология; физическая реабилитация; формы патологии; патологии; ортопедия; хирургия; внутренние органы; нервная система; брюшная полость; детские заболевания; дети; физические упражнения; массаж; физиотерапевтические процедуры; реабилитация инвалидов; инвалиды; инвалидность
686 Индексы других классификаций __
a Классификационный индекс 53.54я73
801 Источник записи _0
a Страна RU
b Организация Муниципальное бюджетное учреждение культуры "Централизованная библиотечная система" г. Сургут (Центральная городская библиотека им. А. С. Пушкина)
g Правила каталогизации КиК/Елгина
801 Источник записи _1
a Страна RU
b Организация Муниципальное бюджетное учреждение культуры "Централизованная библиотечная система" г. Сургут (Центральная городская библиотека им. А. С. Пушкина)
g Правила каталогизации КиК/Елгина
852 Данные о местонахождении __
j Шифр хранения 53.54я73
c Каталожный индекс 53.54я73
i Авторский знак Ф 50
901 Тип документа __
t Тип документа m
903 Характеристики (МАРС) __
a Дата передачи 20080718
969 Тип издания __
a Тип издания учебник
990 Данные о заказе (DOS) __
j Количество экземпляров (DOS) 3
t N записи в КСУ для И/У (DOS) 200807